000 00311nam a22001217a 4500
008 180126b xxu||||| |||| 00| 0 eng d
041 _aeng
080 _212 ED
_a34
100 _a15
101 _aJUR
245 _aPROSSER WADE AND SCHWARTS TORTS CASES AND MATERIALS
_cVICTOR.E.SCH
942 _2udc
_cBK
999 _c41037
_d41037